000 00544nam a22001937a 4500
999 _c192362
_d192362
010 _aENG-135115
020 _c80.00
035 _aEN-118647
037 _bDBAD / PUB
082 _a294.5
100 _aRai,Lala Lajpat
245 _aPandit Guru Datta Vidyarthi:
_cby Lala Lajpat Rai;edited by Ram Prakash
_blife and work/
260 _bDelhi Arya Pratinidhi Sabha
_c2012
_aNew Delhi
270 _bNew Delhi
300 _a166p.
_c22cm(Hb)
650 _aSikhism
700 _aRam Prakash
942 _2ddc
_cEN
_mRAI
_h294.5